000 00480nam a2200169 4500
999 _c1520
_d1520
008 200124b ||||| |||| 00| 0 eng d
082 0 0 _a623.8503
_bW3371
100 _91
_aWatson, G. O.
245 1 0 _aMarine electrical practice /
_cby G. O. Watson
250 _a4th ed.
260 _aLondon
_bNewnes - Butterworths
_c1971
300 _a502 p.
490 0 _aMarine Engineering Series
650 0 _aShips--Electric equipment
650 0 _aElectrical Engineering
942 _2ddc
_cBK